Statistics for Countries with the Most / Least Airports

Click here to take the quiz!

General Stats

  • This quiz has been taken 143 times
  • The average score is 23 of 34

Answer Stats

# of Airports Country % Correct
13,513United States
98%
507China
95%
1,218Russia
93%
1,467Canada
92%
4,093Brazil
92%
480Australia
88%
1,714Mexico
88%
464France
88%
1,138Argentina
83%
539Germany
83%
0Vatican City
80%
481Chile
79%
673Indonesia
76%
0San Marino
75%
0Liechtenstein
74%
0Andorra
73%
0Monaco
72%
836Colombia
72%
1Nauru
69%
566South Africa
63%
2Luxembourg
62%
2St. Kitts and Nevis
60%
1Tuvalu
58%
2St. Lucia
57%
1Malta
53%
2Dominica
46%
1Brunei
46%
1Barbados
43%
855Bolivia
42%
2São Tomé and Príncipe
39%
799Paraguay
35%
2Bhutan
33%
561Papua New Guinea
26%
1Gambia
23%

Score Distribution

Percentile by Number Answered

Percent of People with Each Score

Your Score History

You have not taken this quiz